Pays des Balkans - Statistiques

Statistiques générales
  • Ce quiz a été pris 568 fois
    535 depuis la dernière actualisation
  • Le résultat moyen est 11 sur 13
Statistiques - réponses
Réponses % Correct
Albanie
95%
Serbie
94%
Croatie
92%
Kosovo
90%
Monténégro
87%
Bosnie-Herzégovine
86%
Macédoine
85%
Grèce
84%
Bulgarie
83%
Slovénie
82%
Roumanie
81%
Turquie
67%
Italie (Trieste)
38%
Aucun quiz correspondant
Distribution des résultats
% des personnes avec chaque résultat
Percentile par nombre de réponses
Votre historique - résultats
Vous n’avez pas pris ce quiz depuis la dernière actualisation